Language Quiz

Random Language or Letter Quiz

Add a Letter, Build a Word! Quiz Stats

 Plays Quiz Updated Dec 7, 2014

Challenge
Share
Tweet
Embed
Score 0/33 Timer 06:00
8 Plays Today
Set Word % Correct
Set 1X
99.4%
Set 2TV
95.6%
Set 2VET
95.5%
Set 1OX
95.4%
Set 3NO
95.3%
Set 3O
94.5%
Set 2V
93.2%
Set 4I
93.1%
Set 1FOX
92.6%
Set 3ION
90.8%
Set 4TI
90.4%
Set 4TIE
89.7%
Set 5D
88.5%
Set 2VOTE
88.4%
Set 5DR
86.9%
Set 5ROD
82.2%
Set 3IRON
80.9%
Set Word % Correct
Set 6P
80.5%
Set 6SPA
80.4%
Set 6PS
80.2%
Set 4SEXIST
77.8%
Set 4EXIST
77.6%
Set 4EXIT
77.5%
Set 3IRONY
77.1%
Set 5ODOR
76.2%
Set 6SPARE
72.6%
Set 5DOORS
72.4%
Set 5DROOPS
58.4%
Set 6SAPPHIRE
53.7%
Set 6SHARPIE
50.1%
Set 6RASP
48.3%
Set 6PHRASE
29.4%
Set 5PROSODY
9.8%

You're not logged in!

Compare scores with friends on all Sporcle quizzes.
OR
Log In

You Might Also Like...

Show Comments

Extras

Top Quizzes Today


Score Distribution

Your Account Isn't Verified!

In order to create a playlist on Sporcle, you need to verify the email address you used during registration. Go to your Sporcle Settings to finish the process.

Report this User

Report this user for behavior that violates our Community Guidelines.

Details: